000 00645nam a2200193Ia 4500
003 GCL
008 140319s9999 xx 000 0 ara d
040 _aGCL /
_cGCL
082 0 4 _a621.402
_bر ك
100 1 _aرشدى محمد حمودة
245 1 0 _aكراسة تمارين : الهندسة الميكانيكية /
_cرشدى محمد حمودة
260 _aبيروت :
_bدار الراتب الجامعية ،
_c1985
300 _a86 ص ؛
_c24 سم
490 _a
650 0 4 _aالهندسة الرياضية
650 0 4 _aالهندسة الحرارية
650 0 4 _aالهندسة الميكانيكية
942 _2ddc
_cBK
999 _c45398
_d45398